| 000 | 00408nam a22001457a 4500 | ||
|---|---|---|---|
| 005 | 20251007120317.0 | ||
| 008 | 250929b |||||||| |||| 00| 0 eng d | ||
| 020 | _a978-93-48189-57-8 | ||
| 041 | _aeng | ||
| 100 |
_aCHATURVEDI, HARIHAR PRASAD _98702 |
||
| 245 | _aVYAVAHARIK RAJBHASHA HINDI:HINDI PRAYOGVIDHI EVAM VYAKARAN | ||
| 260 |
_aUTTAR PRADESH _bAKSHAR PLANT _c2024 |
||
| 300 | _a147;P | ||
| 942 | _cBK | ||
| 999 |
_c8839 _d8837 |
||